The independent design guide : (Record no. 14109)

000 -LEADER
fixed length control field 00802cam a2200229 a 4500
003 - CONTROL NUMBER IDENTIFIER
control field OSt
005 - DATE AND TIME OF LATEST TRANSACTION
control field 20260422151703.0
008 - FIXED-LENGTH DATA ELEMENTS--GENERAL INFORMATION
fixed length control field 091210s2009 enka 001 0 eng
020 ## - INTERNATIONAL STANDARD BOOK NUMBER
International Standard Book Number 9780500514573
Qualifying information hbk.
042 ## - AUTHENTICATION CODE
Authentication code lccopycat
082 04 - DEWEY DECIMAL CLASSIFICATION NUMBER
Classification number 745.4
Edition number 22
100 1# - MAIN ENTRY--PERSONAL NAME
Personal name Houseley, Laura.
245 14 - TITLE STATEMENT
Title The independent design guide :
Remainder of title innovative products from the new generation /
Statement of responsibility, etc Laura Houseley.
260 ## - PUBLICATION, DISTRIBUTION, ETC. (IMPRINT)
Place of publication, distribution, etc London ;
-- New York :
Name of publisher, distributor, etc Thames & Hudson,
Date of publication, distribution, etc 2009.
300 ## - PHYSICAL DESCRIPTION
Extent 352 p. :
Other physical details col. ill. ;
Dimensions 26 cm.
500 ## - GENERAL NOTE
General note Includes index.
500 ## - GENERAL NOTE
General note Includes: Contact Information, Materials, Designer locations.
505 0# - FORMATTED CONTENTS NOTE
Formatted contents note A new design landscape -- Chronology -- Furniture -- Lighting -- Accessories -- Utility -- Environment.
650 #0 - SUBJECT ADDED ENTRY--TOPICAL TERM
Topical term or geographic name as entry element Design.
650 #0 - SUBJECT ADDED ENTRY--TOPICAL TERM
Topical term or geographic name as entry element Industrial design.
942 ## - ADDED ENTRY ELEMENTS (KOHA)
Source of classification or shelving scheme
Holdings
Withdrawn status Lost status Source of classification or shelving scheme Damaged status Koha normalized classification for sorting Not for loan Permanent location Current location Shelving location Date acquired Full call number Barcode Date last seen Price effective from Koha item type
        745_400000000000000   BMS College of Architecture, Design and Planning BMS College of Architecture, Design and Planning General Stacks 2025-12-03 745.4 AR-UG5125 2026-02-10 2026-02-10 B.Design
Copyright © 2025, The Librarian, Library and Information Centre, BMSCA D&P, Bengaluru. All Rights Reserved
web counter

Powered by Koha